[Event "Landesklasse West 2024/25"]
[Site "?"]
[Date "2025.05.11"]
[Round "9.3"]
[White "Wabersich, Titus"]
[Black "Schulz, Tilo"]
[Result "0-1"]
[WhiteElo "1599"]
[BlackElo "1882"]
[PlyCount "120"]
[EventDate "2024.09.15"]
[EventType "team-tourn"]
[EventRounds "9"]
[WhiteTeam "SC 1951 Nordhausen"]
[BlackTeam "Randspringer Bad Salzungen"]

{[%evp 0,120,31,30,35,14,49,59,81,83,69,31,25,14,54,15,-7,-14,25,-46,-2,-45,57,38,37,-22,24,-15,0,0,0,-15,-28,-38,-4,-30,-43,-44,-12,-41,-20,-27,-14,-4,98,95,60,60,60,88,88,-40,-22,-18,0,-98,-80,-57,-64,-67,-118,-1186,-576,-993,-1194,-1209,-1359,-1363,-1355,-2497,9,6,-21,-21,-21,-67,-133,-127,-169,-165,-164,-178,-107,-128,-148,-206,-175,-297,-303,-303,-324,-419,-332,-510,-534,-1159,-1225,-1414,-221,-415,-204,-249,-128,-327,-371,-545,-536,-557,-545,-647,-714,-705,-718,-732,-789,-972,-1011,-1084,-1140,-1488,-1011,-1292,-1240]} 1. d4 Nf6 2. Nc3 g6 3. e4 d6 4. Bf4 Bg7 5. Qd2 O-O 6. O-O-O c6 7. Bh6 b5 8. Bd3 Nbd7 9. h4 e5 10. Nf3 Re8 11. Bxg7 Kxg7 12. Rde1 Nf8 13. dxe5 dxe5 14. Qg5 Ng4 15. Qd2 h5 16. Ng5 Ne6 17. Nxe6+ Bxe6 18. f3 Nh6 19. Qe3 Qe7 20. Reg1 Reb8 21. Be2 a5 22. g4 hxg4 23. fxg4 a4 24. g5 Ng8 25. Kb1 b4 26. Nd1 b3 27. cxb3 axb3 28. a3 Rxa3 29. bxa3 Qxa3 30. Qd2 b2 31. Nc3 Qa1+ 32. Kc2 Bb3+ 33. Kd3 Rd8+ 34. Nd5 Qa6+ 35. Ke3 Qa7+ 36. Kf3 cxd5 37. Kg2 Qd4 38. Qxd4 exd4 39. Bd3 dxe4 40. Bxe4 Re8 41. Kf3 d3 42. Rb1 d2 43. Rhd1 Bxd1+ 44. Rxd1 Re6 45. Ke3 Ne7 46. Kd3 Nf5 47. Bxf5 gxf5 48. Kc2 Rb6 49. Kb1 Kg6 50. Rxd2 Kh5 51. Rh2 f4 52. Rh1 f3 53. Rh2 Rb4 54. Rh1 f2 55. Rf1 Rf4 56. Kxb2 Kxh4 57. Kc2 Kg3 58. Kd2 Kg2 59. Ke3 Rf5 60. Ke4 Rxg5 0-1

[Event "Landesklasse West 2024/25"]
[Site "?"]
[Date "2025.05.11"]
[Round "9.4"]
[White "Burkhardt, Christian"]
[Black "Rohde, Ragnar"]
[Result "1/2-1/2"]
[WhiteElo "1683"]
[BlackElo "1623"]
[PlyCount "23"]
[EventDate "2024.09.15"]
[EventType "team-tourn"]
[EventRounds "9"]
[WhiteTeam "Randspringer Bad Salzungen"]
[BlackTeam "SC 1951 Nordhausen"]

{[%evp 0,23,31,30,35,6,6,4,21,39,39,36,43,55,65,37,23,-3,26,23,58,60,61,50,82,-7]} 1. d4 d5 2. c4 e6 3. Nc3 c6 4. e3 Nf6 5. Bd3 Bd6 6. Nf3 Nbd7 7. b3 O-O 8. Bb2 dxc4 9. bxc4 e5 10. O-O Re8 11. Qc2 Qe7 12. Be2 1/2-1/2

[Event "Landesklasse West 2024/25"]
[Site "?"]
[Date "2025.05.11"]
[Round "9.5"]
[White "Gülsdorff, Florian"]
[Black "Feldmann, Bernd"]
[Result "0-1"]
[WhiteElo "1565"]
[BlackElo "1863"]
[PlyCount "82"]
[EventDate "2024.09.15"]
[EventType "team-tourn"]
[EventRounds "9"]
[WhiteTeam "SC 1951 Nordhausen"]
[BlackTeam "Randspringer Bad Salzungen"]

{[%evp 0,82,31,33,33,13,35,27,29,28,36,17,59,26,31,12,3,-5,-10,-16,-16,-15,-9,-8,3,1,21,-4,-6,-5,14,12,20,0,-19,-17,-16,-59,-55,-91,-65,-79,-99,-105,-110,-121,-105,-142,-104,-167,-81,-149,-134,-148,-29,-109,-108,-248,-64,-198,-170,-204,-160,-176,-233,-238,-195,-186,-188,-202,-230,-391,-284,-311,-149,-462,-348,-348,-354,-770,-500,-513,-534,-530,-530]} 1. d4 e6 2. Bf4 Nf6 3. e3 d5 4. Bd3 b6 5. Ne2 c5 6. c3 Be7 7. O-O O-O 8. h3 Nc6 9. Nd2 Bb7 10. Rc1 c4 11. Bc2 Nh5 12. Bh2 f5 13. Nf4 Nxf4 14. Bxf4 g5 15. Bh2 Qe8 16. Qf3 h5 17. Qg3 Rc8 18. f4 g4 19. Qf2 Rf7 20. h4 Qd8 21. g3 b5 22. Rfe1 a5 23. b3 cxb3 24. axb3 Bf6 25. Rb1 Qb6 26. Bd3 Ba6 27. Rec1 Rfc7 28. Kg2 b4 29. Qe2 Bxd3 30. Qxd3 bxc3 31. Rxc3 Nb4 32. Rxc7 Rxc7 33. Qe2 Rc2 34. Bg1 Qc6 35. Rd1 Qc3 36. Kf1 Nd3 37. Bf2 Be7 38. Be1 Nxe1 39. Nb1 Rxe2 40. Nxc3 Rxe3 41. Rxe1 Rxc3 0-1

[Event "Landesklasse West 2024/25"]
[Site "?"]
[Date "2025.05.11"]
[Round "9.6"]
[White "Wiefel, Erik"]
[Black "Onnen, Erik"]
[Result "1/2-1/2"]
[WhiteElo "1610"]
[BlackElo "1516"]
[PlyCount "99"]
[EventDate "2024.09.15"]
[EventType "team-tourn"]
[EventRounds "9"]
[WhiteTeam "Randspringer Bad Salzungen"]
[BlackTeam "SC 1951 Nordhausen"]

{[%evp 0,99,31,25,84,67,57,60,60,61,40,40,70,50,93,39,43,3,13,16,28,13,43,50,54,62,131,128,107,-37,34,-32,247,243,263,260,262,281,259,259,614,228,333,340,340,340,340,328,348,348,373,322,306,298,336,315,379,323,358,358,390,390,427,199,371,187,200,146,173,193,203,210,241,198,231,233,252,-82,209,191,187,58,44,36,26,22,81,53,37,0,0,0,68,65,68,61,40,44,34,24,68,58]} 1. e4 b6 2. d4 Bb7 3. Bd3 e6 4. Nc3 Nf6 5. Nge2 Be7 6. O-O O-O 7. Ng3 d6 8. Qe2 Nbd7 9. Rd1 c5 10. e5 dxe5 11. dxe5 Nd5 12. Nb5 Bg5 13. Nd6 Bxc1 14. Raxc1 Bc6 15. Qe4 f5 16. exf6 N7xf6 17. Qxe6+ Kh8 18. Nf7+ Rxf7 19. Qxf7 Be8 20. Qb7 Bd7 21. Be4 Rb8 22. Qxa7 Ra8 23. Qb7 Rb8 24. Qa6 Nf4 25. Qf1 Qc7 26. Bf3 Qe5 27. c3 Qg5 28. Re1 Bf5 29. Rcd1 Bc2 30. Rd6 Bg6 31. Ne4 Qe5 32. Rxf6 gxf6 33. Nd2 Qg5 34. Ne4 Qe5 35. g3 Nh5 36. Qe2 Ng7 37. Nd2 Qd6 38. Bg2 Rd8 39. Nb3 Bh5 40. Bf3 Re8 41. Bxh5 Rxe2 42. Bxe2 Ne6 43. Rd1 Qe5 44. Kf1 Qe4 45. f3 Qc6 46. Nd2 Ng5 47. Kg2 Kg7 48. h4 Nf7 49. Ne4 Qe6 50. b3 1/2-1/2

[Event "Landesklasse West 2024/25"]
[Site "?"]
[Date "2025.05.11"]
[Round "9.7"]
[White "Schimm, Justin"]
[Black "Mäurer, Michael"]
[Result "1/2-1/2"]
[WhiteElo "1395"]
[BlackElo "1573"]
[PlyCount "74"]
[EventDate "2024.09.15"]
[EventType "team-tourn"]
[EventRounds "9"]
[WhiteTeam "SC 1951 Nordhausen"]
[BlackTeam "Randspringer Bad Salzungen"]

{[%evp 0,74,31,22,47,51,58,30,103,105,105,105,125,126,112,112,99,95,114,103,117,80,83,80,117,123,122,71,74,85,87,81,73,79,101,80,91,65,121,85,85,62,67,33,33,17,16,35,36,38,44,0,15,-16,-19,-21,0,0,15,32,66,48,44,-27,-4,-20,7,23,23,24,2,0,22,24,19,9,9]} 1. e4 d5 2. exd5 Qxd5 3. d4 Qe4+ 4. Be3 e6 5. Nf3 Qd5 6. c4 Qd8 7. a3 Nf6 8. Nc3 c6 9. Be2 Bd6 10. b4 O-O 11. O-O Qc7 12. c5 Bf4 13. b5 Bxe3 14. fxe3 Nd5 15. Nxd5 exd5 16. Qc2 Nd7 17. Ng5 g6 18. e4 h6 19. Nf3 Nf6 20. exd5 Nxd5 21. Qd2 Qf4 22. Qxf4 Nxf4 23. Bc4 Be6 24. Bxe6 Nxe6 25. bxc6 bxc6 26. Rad1 Rad8 27. Rf2 Nxc5 28. Rc2 Na4 29. Rxc6 Rd7 30. Ne5 Re7 31. Ra6 Nc3 32. Rd3 Nb5 33. a4 Nxd4 34. Rxd4 Rxe5 35. Rxa7 Re1+ 36. Kf2 Rfe8 37. Rd2 Ra1 1/2-1/2

[Event "Landesklasse West 2024/25"]
[Site "?"]
[Date "2025.05.11"]
[Round "9.1"]
[White "Kachel, Alfred"]
[Black "Gandera, Moritz"]
[Result "1/2-1/2"]
[WhiteElo "1860"]
[BlackElo "1805"]
[PlyCount "42"]
[EventDate "2024.09.15"]
[EventType "team-tourn"]
[EventRounds "9"]
[WhiteTeam "SC Rochade Leinefelde"]
[BlackTeam "SC Rochade Steinbach-Hallenberg"]

{[%evp 0,42,31,35,29,6,6,6,2,-19,-7,1,0,-33,-6,21,20,21,40,8,41,-16,13,8,7,-22,-9,-16,-10,-31,18,-2,23,17,57,43,47,48,78,87,92,98,86,77,85]} 1. d4 Nf6 2. c4 e6 3. Nc3 d5 4. cxd5 exd5 5. Bg5 c6 6. Qc2 Be7 7. e3 Nbd7 8. Bd3 O-O 9. Nge2 Re8 10. O-O-O Ne4 11. Bxe7 Qxe7 12. Ng3 Ndf6 13. Rhe1 a5 14. Kb1 b5 15. f3 Nxc3+ 16. Qxc3 Qb7 17. Rc1 Bd7 18. e4 Rec8 19. e5 Ne8 20. f4 Qa7 21. f5 Nc7 1/2-1/2

[Event "Landesklasse West 2024/25"]
[Site "?"]
[Date "2025.05.11"]
[Round "9.2"]
[White "Wilhelm, Bernd"]
[Black "Meitzner, Jonathan Franz"]
[Result "0-1"]
[WhiteElo "1893"]
[BlackElo "1689"]
[PlyCount "50"]
[EventDate "2024.09.15"]
[EventType "team-tourn"]
[EventRounds "9"]
[WhiteTeam "SC Rochade Steinbach-Hallenberg"]
[BlackTeam "SC Rochade Leinefelde"]

{[%evp 0,50,21,22,43,47,48,49,45,40,52,56,58,25,35,58,53,26,51,35,27,37,54,44,40,-65,-39,-85,27,24,28,1,23,16,0,-9,-65,-114,-105,-213,-212,-207,-250,-383,-365,-381,-292,-318,-315,-315,-315,-382,-368]} 1. e4 c5 2. d4 cxd4 3. Qxd4 Nc6 4. Qd3 Qc7 5. Nc3 e6 6. f4 Be7 7. Nf3 d6 8. Be3 a6 9. a3 Nf6 10. h3 h5 11. O-O-O b5 12. e5 dxe5 13. fxe5 Nd7 14. Bf4 Nc5 15. Qe3 Bb7 16. b4 Nd7 17. Be2 Rc8 18. Rd3 Bxb4 19. axb4 Nxb4 20. Rxd7 Kxd7 21. Qd4+ Nd5 22. Bd2 b4 23. Kd1 bxc3 24. Bc1 Qc5 25. Qa4+ Bc6 0-1

[Event "Landesklasse West 2024/25"]
[Site "?"]
[Date "2025.05.11"]
[Round "9.3"]
[White "Pfitzenreuter, Gerald"]
[Black "Recknagel, Armin"]
[Result "1/2-1/2"]
[WhiteElo "1863"]
[BlackElo "1579"]
[PlyCount "46"]
[EventDate "2024.09.15"]
[EventType "team-tourn"]
[EventRounds "9"]
[WhiteTeam "SC Rochade Leinefelde"]
[BlackTeam "SC Rochade Steinbach-Hallenberg"]

{[%evp 0,46,33,33,29,6,6,2,12,-19,-19,1,8,2,29,36,44,43,52,46,44,48,45,17,58,45,46,53,47,30,37,34,53,44,39,36,40,32,32,47,23,11,30,30,34,11,34,14,16]} 1. d4 Nf6 2. c4 e6 3. Nf3 d5 4. cxd5 exd5 5. Nc3 c6 6. Qc2 Be7 7. Bf4 O-O 8. e3 Nbd7 9. Bd3 Re8 10. O-O Nf8 11. Rab1 Ne6 12. Bg3 g6 13. h3 Ng7 14. b4 a6 15. a4 Bf5 16. b5 axb5 17. axb5 Bxd3 18. Qxd3 Nf5 19. Bh2 Bd6 20. bxc6 Bxh2+ 21. Kxh2 bxc6 22. Ra1 Qc7+ 23. Kg1 Nd6 1/2-1/2

[Event "Landesklasse West 2024/25"]
[Site "?"]
[Date "2025.05.11"]
[Round "9.4"]
[White "Holland-Cunz, Dietrich"]
[Black "Hellrung, Bernhard"]
[Result "1/2-1/2"]
[WhiteElo "1756"]
[BlackElo "1794"]
[PlyCount "44"]
[EventDate "2024.09.15"]
[EventType "team-tourn"]
[EventRounds "9"]
[WhiteTeam "SC Rochade Steinbach-Hallenberg"]
[BlackTeam "SC Rochade Leinefelde"]

{[%evp 0,44,22,16,71,56,55,46,49,34,39,48,38,33,41,25,50,48,53,47,40,45,71,52,78,26,27,5,14,-1,25,24,30,17,9,0,0,0,4,-9,10,10,17,-42,13,3,6]} 1. Nf3 d6 2. d4 Nf6 3. g3 Nbd7 4. Bg2 e5 5. dxe5 dxe5 6. O-O c6 7. b3 Qc7 8. Bb2 Be7 9. c4 O-O 10. Qc2 Re8 11. Nbd2 Bf8 12. e4 a5 13. Rfe1 Nc5 14. Qc3 Nfd7 15. Rad1 g6 16. Nf1 Bg7 17. Qe3 b6 18. Ba3 Bb7 19. Re2 Rad8 20. Red2 Bf8 21. Bb2 Bg7 22. Ba3 Bf8 1/2-1/2

[Event "Landesklasse West 2024/25"]
[Site "?"]
[Date "2025.05.11"]
[Round "9.5"]
[White "Frank, Thomas"]
[Black "Hoffmann, Hartmut"]
[Result "1/2-1/2"]
[WhiteElo "1816"]
[BlackElo "1964"]
[PlyCount "36"]
[EventDate "2024.09.15"]
[EventType "team-tourn"]
[EventRounds "9"]
[WhiteTeam "SC Rochade Leinefelde"]
[BlackTeam "SC Rochade Steinbach-Hallenberg"]

{[%evp 0,36,22,15,29,6,3,12,12,-4,1,0,14,25,48,8,17,21,44,14,34,37,42,40,36,26,13,17,32,-12,7,15,24,11,34,35,25,7,17]} 1. d4 Nf6 2. c4 e6 3. Nc3 d5 4. cxd5 exd5 5. Bg5 Be7 6. e3 c6 7. Qc2 O-O 8. Bd3 Nbd7 9. Nge2 Re8 10. O-O Nf8 11. Rae1 g6 12. f3 Ne6 13. Bh4 b5 14. Bf2 b4 15. Na4 Qa5 16. b3 Bd7 17. Rc1 Rac8 18. Nc5 Nxc5 1/2-1/2

[Event "Landesklasse West 2024/25"]
[Site "?"]
[Date "2025.05.11"]
[Round "9.6"]
[White "Döll, Frank"]
[Black "Meitzner, Johan Eduard"]
[Result "1/2-1/2"]
[WhiteElo "1808"]
[BlackElo "1688"]
[PlyCount "44"]
[EventDate "2024.09.15"]
[EventType "team-tourn"]
[EventRounds "9"]
[WhiteTeam "SC Rochade Steinbach-Hallenberg"]
[BlackTeam "SC Rochade Leinefelde"]

1. e4 c5 2. f4 d6 3. Nf3 Nc6 4. Bc4 g6 5. O-O Bg7 6. Nc3 e6 7. d3 Nge7 8. Bd2 O-O 9. h4 d5 10. Bb3 Nd4 11. Ne2 Nxb3 12. axb3 Bxb2 13. Rb1 Bg7 14. h5 b5 15. g4 f5 16. exf5 exf5 17. hxg6 Nxg6 18. g5 a6 19. d4 c4 20. Ng3 cxb3 21. Rxb3 Qd6 22. Nh5 Qb6 1/2-1/2

[Event "Landesklasse West 2024/25"]
[Site "?"]
[Date "2025.05.11"]
[Round "9.7"]
[White "Gast, Rainer"]
[Black "Häfner, Jaime"]
[Result "1-0"]
[WhiteElo "1917"]
[BlackElo "1581"]
[PlyCount "47"]
[EventDate "2024.09.15"]
[EventType "team-tourn"]
[EventRounds "9"]
[WhiteTeam "SC Rochade Leinefelde"]
[BlackTeam "SC Rochade Steinbach-Hallenberg"]

{[%evp 0,47,22,17,29,12,12,12,12,-24,15,25,48,44,47,33,38,34,58,46,62,61,56,57,69,70,59,57,60,60,83,65,60,55,64,53,53,46,93,81,53,55,49,71,88,103,95,69,354,326]} 1. d4 Nf6 2. c4 e6 3. Nc3 d5 4. Bg5 Be7 5. e3 c6 6. Nf3 Nbd7 7. Rc1 O-O 8. Qc2 Qa5 9. cxd5 exd5 10. Bd3 Re8 11. O-O Nf8 12. Ne5 Ng4 13. Bxe7 Rxe7 14. Nf3 g6 15. Rb1 a6 16. Rfc1 Nh6 17. b4 Qd8 18. a4 Bf5 19. b5 Bxd3 20. Qxd3 axb5 21. axb5 Qd6 22. Qc2 Rc8 23. Qb3 Ne6 24. Nxd5 1-0

[Event "Landesklasse West 2024/25"]
[Site "?"]
[Date "2025.05.11"]
[Round "9.8"]
[White "Hoffmann, Karsten"]
[Black "Körner, Jonas"]
[Result "0-1"]
[WhiteElo "1645"]
[BlackElo "1611"]
[PlyCount "44"]
[EventDate "2024.09.15"]
[EventType "team-tourn"]
[EventRounds "9"]
[WhiteTeam "SC Rochade Steinbach-Hallenberg"]
[BlackTeam "SC Rochade Leinefelde"]

{[%evp 0,30,19,38,40,41,66,19,14,12,55,41,41,26,46,44,37,26,22,28,25,25,25,21,23,19,22,19,30,20,28,1,10]} 1. e4 c5 2. Nf3 d6 3. c4 Nc6 4. d4 Bg4 5. d5 Nd4 6. Be2 Nxe2 7. Qxe2 Nf6 8. Nc3 g6 9. h3 Bxf3 10. Qxf3 Bg7 11. O-O O-O 12. Re1 Nd7 13. Bd2 f5 14. exf5 Rxf5 15. Qe2 Bd4 16. Qe6+ Kh8 17. Be3 Bxc3 18. bxc3 Ne5 19. Bg5 Rxg5 20. f4 Nf3+ 21. Kh1 Nxe1 22. fxg5 Nd3 0-1

[Event "Landesklasse West 2024/25"]
[Site "?"]
[Date "2025.05.11"]
[Round "9.1"]
[White "Hausknecht, Matthias"]
[Black "Lehmann, Peter"]
[Result "1/2-1/2"]
[WhiteElo "2214"]
[BlackElo "1910"]
[PlyCount "81"]
[EventDate "2024.09.15"]
[EventType "team-tourn"]
[EventRounds "9"]
[WhiteTeam "SG Barchfeld/Breitungen"]
[BlackTeam "ESV Lok Meiningen"]

{[%evp 0,81,19,31,41,-4,-4,-20,-1,-46,-32,-43,-31,-53,-31,-45,-45,-29,-16,-29,-28,-28,-19,-21,32,33,48,54,38,41,57,46,75,23,82,77,115,98,98,89,89,125,116,102,97,127,131,100,121,177,131,148,290,302,293,296,284,304,304,203,237,-126,-85,-330,-322,-313,-125,-125,-49,-97,-116,-194,-1,-1,-1,-87,-43,-89,-22,-78,-79,-106,-86,-159]} 1. e4 e6 2. d3 d5 3. Qe2 Nf6 4. g3 dxe4 5. dxe4 e5 6. Nf3 Nc6 7. c3 Bd6 8. Bg2 h6 9. O-O Be6 10. Nbd2 O-O 11. Nc4 Bxc4 12. Qxc4 Qe7 13. Nh4 Rfd8 14. Nf5 Qf8 15. b4 a6 16. h3 Na7 17. Be3 b5 18. Qe2 Qe8 19. Qf3 Qe6 20. h4 Bf8 21. Bh3 Qc6 22. Rad1 Rxd1 23. Rxd1 Kh7 24. g4 g6 25. Ng3 Kg7 26. g5 hxg5 27. hxg5 Nh7 28. Rd7 Qc4 29. Nf5+ Kg8 30. Nd4 exd4 31. Rxd4 Qxc3 32. e5 Re8 33. e6 Nxg5 34. exf7+ Nxf7 35. Rd7 Re7 36. Rxe7 Bxe7 37. Qa8+ Bd8 38. Qxa7 Qa1+ 39. Kh2 Qxa2 40. Qd4 Qc4 41. Qa7 {Letzter Zug unklar. 0.} 1/2-1/2

[Event "Landesklasse West 2024/25"]
[Site "?"]
[Date "2025.05.11"]
[Round "9.2"]
[White "Lehmann, Georg"]
[Black "Messerschmidt, Nick"]
[Result "0-1"]
[WhiteElo "1682"]
[BlackElo "1942"]
[PlyCount "80"]
[EventDate "2024.09.15"]
[EventType "team-tourn"]
[EventRounds "9"]
[WhiteTeam "ESV Lok Meiningen"]
[BlackTeam "SG Barchfeld/Breitungen"]

1. e4 c5 2. Nf3 d6 3. d4 cxd4 4. c3 dxc3 5. Nxc3 Nf6 6. Bc4 a6 7. O-O e6 8. Qc2 b5 9. Bd3 e5 10. Ng5 h6 11. Nf3 Be7 12. Ne1 O-O 13. f4 Qb6+ 14. Kh1 Nc6 15. Nd5 Nxd5 16. exd5 Nb4 17. Qe2 Nxd3 18. Nxd3 Qd4 19. f5 f6 20. Be3 Qe4 21. Rf3 Bxf5 22. Nf2 Qc2 23. Bd2 Bg6 24. Rc1 Qa4 25. Rg3 Kh7 26. b4 f5 27. Rcc3 Qxa2 28. Rxg6 Kxg6 29. Rg3+ Kh7 30. Rxg7+ Kxg7 31. Bxh6+ Kxh6 32. Qxa2 Rfc8 33. h3 Bg5 34. Nd3 e4 35. Nf2 Bf4 36. g4 Rc1+ 37. Kg2 Rc3 38. gxf5 Rac8 39. Qxa6 Rg3+ 40. Kf1 Rc1+ 0-1

[Event "Landesklasse West 2024/25"]
[Site "?"]
[Date "2025.05.11"]
[Round "9.3"]
[White "Trappe, Tilman"]
[Black "Semisch, Helga"]
[Result "1-0"]
[WhiteElo "1747"]
[BlackElo "1129"]
[PlyCount "71"]
[EventDate "2024.09.15"]
[EventType "team-tourn"]
[EventRounds "9"]
[WhiteTeam "SG Barchfeld/Breitungen"]
[BlackTeam "ESV Lok Meiningen"]

{[%evp 0,71,41,18,63,59,83,33,84,70,116,89,133,136,122,56,57,-2,0,0,0,-14,42,0,0,14,17,-52,3,24,218,72,187,-148,-178,-175,326,339,316,316,388,402,374,392,531,302,299,270,260,207,449,471,471,434,507,522,921,934,997,1011,1049,1049,1439,29984,29985,29986,29987,1498,1616,1621,1676,1535,29989,1832]} 1. e4 c6 2. d4 d5 3. Nc3 e6 4. Nf3 Bd6 5. Bd3 f5 6. exf5 exf5 7. Ne5 Nf6 8. Bg5 O-O 9. O-O Qb6 10. Ne2 Qxb2 11. Rb1 Qxa2 12. Qd2 Qa3 13. Rb3 Qa4 14. Qc3 c5 15. Bb5 Ne4 16. Qe1 Qa2 17. Bc1 Qxc2 18. Rb2 Qxb2 19. Bxb2 Bxe5 20. dxe5 a6 21. Bd3 Ng5 22. Qa5 Ne6 23. Nc3 Nc6 24. Qa2 c4 25. Nxd5 cxd3 26. Nc7 Nb4 27. Qb3 Rf7 28. Nxa8 a5 29. Nb6 Nc5 30. Qc4 Nd7 31. e6 Nxb6 32. exf7+ Kf8 33. Qc5+ Kxf7 34. Qxb6 Nd5 35. Qd4 Nb4 36. Qxg7+ 1-0

[Event "Landesklasse West 2024/25"]
[Site "?"]
[Date "2025.05.11"]
[Round "9.4"]
[White "Rasch, Wolfgang"]
[Black "Theer, Tino"]
[Result "1-0"]
[WhiteElo "1612"]
[BlackElo "1762"]
[PlyCount "70"]
[EventDate "2024.09.15"]
[EventType "team-tourn"]
[EventRounds "9"]
[WhiteTeam "ESV Lok Meiningen"]
[BlackTeam "SG Barchfeld/Breitungen"]

1. d4 Nf6 2. c4 e6 3. Nc3 d5 4. cxd5 exd5 5. Bg5 Be7 6. e3 O-O 7. Qc2 Nc6 8. a3 h6 9. Bh4 Bg4 10. Bxf6 Bxf6 11. Qb3 Ne7 12. Qxb7 Rb8 13. Qxa7 Rxb2 14. Be2 Bf5 15. Nf3 Qd6 16. O-O c5 17. dxc5 Qc6 18. Nd4 Bxd4 19. exd4 Ng6 20. Bb5 Qf6 21. c6 Nf4 22. Qc5 Qg5 23. g3 Nh3+ 24. Kg2 Qg4 25. Rae1 Ng5 26. Re3 Be4+ 27. Nxe4 dxe4 28. Rfe1 Qh3+ 29. Kg1 Nf3+ 30. Rxf3 exf3 31. Bf1 Qc8 32. c7 Rb7 33. Rc1 Re8 34. d5 Re5 35. Qc6 Re7 1-0

[Event "Landesklasse West 2024/25"]
[Site "?"]
[Date "2025.05.11"]
[Round "9.5"]
[White "Crivellaro, Heiko"]
[Black "Carrié, René"]
[Result "1-0"]
[WhiteElo "1811"]
[BlackElo "1068"]
[PlyCount "57"]
[EventDate "2024.09.15"]
[EventType "team-tourn"]
[EventRounds "9"]
[WhiteTeam "SG Barchfeld/Breitungen"]
[BlackTeam "ESV Lok Meiningen"]

{[%evp 0,57,30,-34,-19,-26,-38,-38,-32,-38,-36,-30,-28,-55,-13,-11,3,-17,-5,-28,24,26,26,6,198,236,243,250,249,63,76,62,59,63,158,77,125,187,203,206,206,213,203,214,327,331,331,331,330,293,351,356,401,346,410,408,428,431,566,573]} 1. f4 d5 2. Nf3 Nc6 3. e3 Nf6 4. Be2 Bf5 5. O-O e6 6. b3 Bd6 7. Bb2 O-O 8. d3 Ng4 9. Qd2 Re8 10. h3 Nf6 11. Qe1 e5 12. fxe5 Nxe5 13. Nxe5 Bxe5 14. Bxe5 Rxe5 15. d4 Rxe3 16. Rxf5 Qd6 17. Rf3 Qe6 18. Nc3 Re8 19. Kf1 Rxf3+ 20. Bxf3 Qf5 21. Qf2 Ne4 22. Bxe4 Qxf2+ 23. Kxf2 dxe4 24. Ke3 f5 25. g4 g6 26. Rf1 Rf8 27. gxf5 gxf5 28. Nd5 Kf7 29. Rxf5+ 1-0